000 01375nam a22002417a 4500
003 DO-SdBJH
005 20250321135112.0
008 250321b |||||||| |||| 00| 0 spa d
040 _aDO-SdBJH
_bspa
_cDO-SdBJH
090 _aTG ANGM
_b02285 2023
100 1 _aDe León Reyes, Egal Enrique
_esustentante
245 1 0 _aAnálisis, evaluación y propuestas para el desarrollo de la industria naval dominicana /
_c Egal Enrique De León Reyes, Ronny Martínez Mancebo, asesores Elio M. Cruz Camacho, Manuel Virgilio Feliz Ledesma
260 _aSanto Domingo Este :
_bINSUDE,
_c2023
300 _aix, 57 páginas
502 _aTrabajo de grado (Licenciado en Ciencias Navales). -- Instituto Superior para la Defensa (INSUDE). Academia Naval Marina de Guerra “Vicealmirante Cesar D’Windt Lavandier”, 2023
504 _aIncluye referencias bibliográficas e índices
505 _aEstructura y funciones de la industria naval dominicana. -- Situación actual de la industria naval dominicana. -- Propuesta para el desarrollo de la industria naval dominicana
700 1 _aMartínez Mancebo, Ronny
_esustentante
700 1 _aCruz Camacho, Elio M.
_easesor
700 1 _a Feliz Ledesma, Manuel Virgilio
_easesor
830 _aINSUDE. Academia Naval Marina de Guerra “Vicealmirante Cesar D’Windt Lavandier”. Tesis y disertaciones académicas
942 _2CL
_cT
999 _c8108
_d8108